00530nam a2200157 a 450000100100000000500170001000800410002704000250006808200150009310000280010824500480013626000320018430000260021695201130024299900170035500003320920200930070111.0110822s19uu dr 000 0 spa d aDO-SdBNPbspacBNPHU axxxbC965p1 aCuello, Julio A.92063914aLos poemas del instinto /cJulio A. Cuello. aParis :bpaladion,c[19-?]. a[102 p. ] : ;c18 cm. 001050718RVaPDbPDcCTd2011-08-22iLF1l0oxxx C965pp33209-10r2020-06-25w2020-06-25y1ZNo se presta c32700d32700